000 00625pam a2200229 a 4500
999 _c10523
_d10523
003 OSt
005 20220329133247.0
008 941221s1995 enkab 001 0 eng
010 _a 94048598
020 _a9780077079987
040 _aDLC
_cDLC
_dDLC
082 0 0 _a526.9/2
_220
100 1 _aIrvine, William Hyslop.
245 1 0 _aSurveying for construction /
_cWilliam Irvine.
250 _a4th ed.
260 _aLondon ;
_aNew York :
_bMcGraw-Hill Book Co.,
_cc1995.
300 _ax, 414 p. :
_bill., maps ;
_c30 cm.
500 _aIncludes index.
650 0 _aSurveying.
650 0 _aBuilding sites.
942 _2ddc